000 00418nam a2200169Ia 4500
008 170705s9999 xx 000 0 und d
020 _a9780545542470
245 _aRock 'n' roll mole /
245 _cCarolyn Crimi ; pictures by Lynn Munsinger.
260 _aNew York :
260 _bScholastic,
260 _c2011
300 _aunpaged :
300 _bcolor illustration ;
300 _c26cm.
500 _a420
999 _c335673
_d335673